Normal view
MARC view
Entry Geographic Name
001 - CONTROL NUMBER
- control field: 879
003 - CONTROL NUMBER IDENTIFIER
- control field: csc
005 - DATE AND TIME OF LATEST TRANSACTION
- control field: 20140507162053.0
008 - FIXED-LENGTH DATA ELEMENTS
- fixed length control field: 130215|| aca||aabn | a|a d
040 ## - CATALOGING SOURCE
- Original cataloging agency: csc
- Transcribing agency: csc
151 ## - HEADING--GEOGRAPHIC NAME
- Geographic name: France
- General subdivision: Social life and customs
- Chronological subdivision: 19th century
- Form subdivision: Fiction.
670 ## - SOURCE DATA FOUND
- Source citation: Work cat.: (csc)209: Campbell-Smith, Duncan. 581, Scarlet and black /, 2000.